| 000 | 00474nam a2200181Ia 4500 | ||
|---|---|---|---|
| 003 | GCL | ||
| 008 | 140319s9999 xx 000 0 ara d | ||
| 040 |
_aGCL / _cGCL |
||
| 082 | 0 | 4 |
_a301.2 _bج م |
| 100 | 1 | _aجابر عصفور | |
| 245 | 1 | 0 |
_aمحنة التنوير / _cجابر عصفور |
| 300 | _a67 ص | ||
| 490 |
_aالمواجهة _v0 |
||
| 650 | 0 | 4 | _aالثقافة |
| 650 | 0 | 4 | _aمصر - الثقافة |
| 650 | 0 | 4 | _aالارهاب - مصر |
| 942 |
_2ddc _cBK |
||
| 999 |
_c52253 _d52253 |
||